00536nam a2200169Ia 4500008004100000020001800041041000800059082001600067100002900083245002700112250000600139260003900145300001600184650002200200999001900222952012500241210716s2013 xx 000 0 und d a9788132113560 aeng a302.23 KOHV aKohli Khandekar, Vanita. aIndian media business. a4 aNew DelhibSage Publicationsc2013 axxxviii,442 aGeneral Knowledge c211477d211477 001040708MBAaAIMITbAIMITd2019-11-09g725.00l0o302.23 KOHVpMBA14046r2026-05-23 00:00:00v580.00w2021-07-16yBK